[Event "Madrid Chamartin op 8th"]
[Site "Madrid"]
[Date "2019.09.13"]
[Round "7"]
[White "Martin Sanchez, Fernando"]
[Black "Kohn Garcia, Alejandro"]
[Result "1/2-1/2"]
[WhiteElo "1563"]
[BlackElo "1121"]
[PlyCount "81"]
[EventDate "2019.09.09"]
[EventType "swiss"]
[EventRounds "9"]
[EventCountry "ESP"]
[SourceTitle "CBM 192 Extra"]
[Source "Chessbase"]
[SourceDate "2019.11.06"]
[SourceVersion "1"]
[SourceVersionDate "2019.11.06"]
[SourceQuality "1"]

1. c4 e5 2. Nc3 g6 3. e4 Bg7 4. d3 Nc6 5. Nf3 d6 6. Be3 Be6 7. Qd2 Nge7 8. Be2 0-0 9. Bh6 Nd4 10. Bxg7 Kxg7 11. h4 Rg8 12. h5 Rh8 13. 0-0-0 c5 14. Nd5 Bxd5 15. exd5 Nxe2+ 16. Qxe2 Qa5 17. a3 f5 18. Ng5 b5 19. f4 b4 20. h6+ Kf6 21. fxe5+ dxe5 22. Qd2 Qa4 23. Rhf1 bxa3 24. Ne4+ Kf7 25. bxa3 Qxa3+ 26. Qb2 Qxb2+ 27. Kxb2 Rhb8+ 28. Ka2 Rb6 29. Rb1 Ra6+ 30. Kb2 Rb6+ 31. Ka2 Rxb1 32. Kxb1 Ke8 33. Nf6+ Kf7 34. Nxh7 Rh8 35. Ng5+ Kg8 36. d6 Nc6 37. h7+ Kg7 38. Kc2 Kf6 39. Ne4+ Ke6 40. Ng5+ Kf6 41. Ne4+ 1/2-1/2